| 000 | 00608nam a22002057a 4500 | ||
|---|---|---|---|
| 999 |
_c6931 _d6931 |
||
| 003 | AR-CdUCM | ||
| 008 | 190319b ||||| |||| 00| 0 spa d | ||
| 040 |
_aMUNICIPALIDAD PROVINCIAL DEL CUSCO _cBIBLIOTECA MUNICIPAL DEL CUSCO |
||
| 082 |
_a868.41 / _bSH47 |
||
| 100 |
_aSholojov, Mijail _98367 |
||
| 245 | _aEl destino de un hombre / | ||
| 260 |
_aMoscu : _bProgreso, _c1961. |
||
| 300 |
_a53 páginas ; _c17.5 cm. |
||
| 500 | _aDonación familia Nieto. | ||
| 650 |
_aNovela sovietica _919532 |
||
| 650 |
_aSiglo XX _98 |
||
| 700 |
_aHerraiz, A. (traductor) _919533 |
||
| 942 |
_2ddc _cLIBROS |
||
| 945 | _aafb | ||